000
00309nam a22001337a 4500
008
180806b xxu||||| |||| 00| 0 eng d
082
_b
813.52
245
_a
Fundamentals of corporate finance
_c
MARCUS.B.M
260
_c
2004
300
_a
1
_f
CD
440
_x
0072557559
760
_b
4 th
942
_2
ddc
_c
MX
999
_c
46857
_d
46857